000
00275nam a2200121Ia 4500
008
220120s9999||||xx |||||||||||||| ||und||
082
_a
076 PUS
100
_a
Pusthak mahal
245
0
_a
Childeren's knowledge
260
_b
Bangalooru
300
_b
0
650
_a
MATHEMATICS
999
_c
136476
_d
136476